| 000 | 00562nam a2200193Ia 4500 | ||
|---|---|---|---|
| 005 | 20260429111952.0 | ||
| 008 | 260429s9999||||xx |||||||||||||| ||und|| | ||
| 020 | _a9780521705646 | ||
| 041 | _aEnglish | ||
| 082 |
_a510 _bYOU |
||
| 100 | _aYoung, Nicholas | ||
| 245 | 0 |
_aSurveys in contemporary mathematics / _cNicholas Young |
|
| 260 |
_aCambridge : _bCambridge University Press, _c2008. |
||
| 300 | _avii, 361 p.; pbk | ||
| 440 | _aLondon mathematical society lecture note series; 347 | ||
| 650 | _aMathematics | ||
| 700 | _a Choi, Yemon | ||
| 942 | _cTB | ||
| 999 |
_c51674 _d51674 |
||